Cuadro a pintor - Prueba de clic - Estadísticas

Estadísticas generales
  • Esta prueba ha sido intentada 11.540 veces
  • La puntuación promedio es 13 de 22
Estadísticas de respuestas
Hint Respuesta % Correcto
Frida Kahlo
86%
Vincent van Gogh
86%
Pablo Picasso
84%
Salvador Dalí
81%
Leonardo da Vinci
77%
Diego Velázquez
75%
Miguel Ángel
69%
Andy Warhol
66%
Banksy
65%
Sandro Botticelli
62%
Edvard Munch
62%
Claude Monet
58%
Francisco de Goya
54%
Gustav Klimt
52%
Joaquín Sorolla
49%
El Greco
46%
Joan Miró
43%
Edward Hopper
39%
Johannes Vermeer
37%
Paul Gauguin
34%
Pedro Pablo Rubens
34%
Rembrandt
31%
No se encontraron pruebas coincidentes
Distribución de puntuación
Porcentaje de gente con cada puntuación
Porcentaje por número respondido
Historial de tus puntuaciones
No has intentado esta prueba.